Week 13 CFP Poll - Statistics

General Stats
  • This quiz has been taken 16 times
  • The average score is 22 of 25
Answer Stats
Rank Change in Rank Team % Correct
25 NR Arizona State
100%
2 Stay Indiana
100%
13 Up 2 Miami
100%
9 Stay Notre Dame
100%
1 Stay Ohio State
100%
6 Up 1 Ole Miss
100%
17 Down 7 Texas
100%
3 Stay Texas A&M
100%
10 Down 6 Alabama
93%
4 Up 1 Georgia
93%
8 Up 3 Oklahoma
93%
7 Up 1 Oregon
93%
24 NR Tulane
93%
11 Up 1 BYU
86%
18 Stay Michigan
86%
15 Up 2 USC
86%
12 Up 1 Utah
86%
22 NR Missouri
79%
5 Up 1 Texas Tech
79%
14 Stay Vanderbilt
79%
23 NR Houston
71%
21 NR Illinois
71%
20 Up 3 Tennessee
64%
16 Stay Georgia Tech
57%
19 Stay Virginia
57%
No matching quizzes found
Score Distribution
Percent of People with Each Score
Percentile by Number Answered
Your Score History
You have not taken this quiz